000 00372nam a2200121Ia 4500
008 211119s9999||||xx |||||||||||||| ||und||
082 _a920
_bPOT-E
100 _aPottekkatt, S K
245 0 _aEnte Vazhiyambalangal
260 _bSahithya Pravarthaka...
_aKottayam
_c1975
650 _aHistory
_vBiography, genealogy & insigniaMalayalam
_xPGR-GANDHIAN STUDIES
942 _cBOOK
999 _c111030
_d111030